The home help service in England and Wales (Record no. 495121)

000 -LEADER
fixed length control field 00382cam a22001217a 4500
008 - FIXED-LENGTH DATA ELEMENTS--GENERAL INFORMATION
fixed length control field 180718b1970 xxu||||| |||| 00| 0 eng d
082 ## - DEWEY DECIMAL CLASSIFICATION NUMBER
Classification number Q1068x42 Un3h
100 ## - MAIN ENTRY--PERSONAL NAME
Personal name Hunt,Audrey
245 ## - TITLE STATEMENT
Title The home help service in England and Wales
Statement of responsibility, etc. By Audrey Hunt
260 ## - PUBLICATION, DISTRIBUTION, ETC.
Place of publication, distribution, etc. London
Name of publisher, distributor, etc. Her Majesty's stationery office
Date of publication, distribution, etc. 1970
300 ## - PHYSICAL DESCRIPTION
Extent 491p
700 ## - ADDED ENTRY--PERSONAL NAME
Personal name United Kingdom. Government Social Survey
Holdings
Withdrawn status Lost status Damaged status Not for loan Permanent Location Current Location Date acquired Full call number Barcode Date last seen Price effective from Koha item type
        Indian Institute of Public Administration Indian Institute of Public Administration 2018-08-04 Q1068x42 Un3h G10272 2018-08-04 2018-08-04 G

Powered by Koha